<?xml version="1.0" encoding="UTF-8"?><?xml-stylesheet type="text/xsl" href="static/style.xsl"?><OAI-PMH xmlns="http://www.openarchives.org/OAI/2.0/" xmlns:xsi="http://www.w3.org/2001/XMLSchema-instance" xsi:schemaLocation="http://www.openarchives.org/OAI/2.0/ http://www.openarchives.org/OAI/2.0/OAI-PMH.xsd"><responseDate>2026-04-27T22:04:47Z</responseDate><request verb="GetRecord" identifier="oai:uvadoc.uva.es:10324/54570" metadataPrefix="marc">https://uvadoc.uva.es/oai/request</request><GetRecord><record><header><identifier>oai:uvadoc.uva.es:10324/54570</identifier><datestamp>2022-08-25T19:01:47Z</datestamp><setSpec>com_10324_38</setSpec><setSpec>col_10324_852</setSpec></header><metadata><record xmlns="http://www.loc.gov/MARC21/slim" xmlns:doc="http://www.lyncode.com/xoai" xmlns:xsi="http://www.w3.org/2001/XMLSchema-instance" xmlns:dcterms="http://purl.org/dc/terms/" xsi:schemaLocation="http://www.loc.gov/MARC21/slim http://www.loc.gov/standards/marcxml/schema/MARC21slim.xsd">
<leader>00925njm 22002777a 4500</leader>
<datafield tag="042" ind1=" " ind2=" ">
<subfield code="a">dc</subfield>
</datafield>
<datafield tag="720" ind1=" " ind2=" ">
<subfield code="a">Hao, Geyi</subfield>
<subfield code="e">author</subfield>
</datafield>
<datafield tag="260" ind1=" " ind2=" ">
<subfield code="c">2022</subfield>
</datafield>
<datafield tag="520" ind1=" " ind2=" ">
<subfield code="a">En el contexto de la globalización económica y la alta penetración de la red, el &#xd;
comercio electrónico se ha convertido en una parte indispensable del desarrollo económico. &#xd;
Por otro lado, la rápida popularidad de las redes sociales hace que estén estrechamente &#xd;
relacionadas con nuestras vidas, especialmente debido al impacto del Gran Confinamiento, &#xd;
las personas pasan cada vez más tiempo en las redes sociales.&#xd;
Con la explosión de usuarios de redes sociales, las redes sociales ya no son solo un &#xd;
medio de comunicación y entretenimiento, también afectan el desarrollo del comercio &#xd;
electrónico. Además de usar las redes sociales para ser un canal de hacer marketing y &#xd;
publicidad para las empresas de comercio electrónico, el comercio electrónico social, que &#xd;
permite realizar las compraventas directamente en las redes sociales, gradualmente entra &#xd;
en el ojo público y es una estrella en ascenso en el campo del comercio electrónico.&#xd;
En este trabajo fin de grado, basado en un marco teórico, se centrará en analizar &#xd;
cómo afectan las redes sociales al comercio electrónico, así como el desarrollo del &#xd;
comercio social en España y los retos a los que se enfrenta, comprender la nueva tendencia &#xd;
que realizar comercio electrónico social en forma de transmisión en vivo y sus perspectivas &#xd;
de desarrollo también son el núcleo.</subfield>
</datafield>
<datafield tag="024" ind2=" " ind1="8">
<subfield code="a">https://uvadoc.uva.es/handle/10324/54570</subfield>
</datafield>
<datafield ind1=" " ind2=" " tag="653">
<subfield code="a">Comercio electrónico-Siglo XXI</subfield>
</datafield>
<datafield ind1=" " ind2=" " tag="653">
<subfield code="a">Redes sociales-Aspecto económico</subfield>
</datafield>
<datafield tag="245" ind1="0" ind2="0">
<subfield code="a">La aplicación de las redes sociales en el comercio electrónico, y  nueva tendencia: la transmisión en vivo</subfield>
</datafield>
</record></metadata></record></GetRecord></OAI-PMH>